20th anniversary klonvokation : United Klans of America, Knights of the Ku Klux Klan, Inc.

Bibliographic Details
Format: Book
Language:English
Published: Swartz, La. : Fiery Cross, 1981.
Subjects:

MARC

Tag First Indicator Second Indicator Subfields
LEADER 00000cam a2200000 a 4500
001 in00000555421
005 20151014052002.0
008 850404s1981 lauach 00000 eng d
035 |a (OCoLC)11887604 
035 |9 ACJ7037AM 
040 |a TXA  |c TXA  |d UtOrBLW 
043 |a n-us--- 
049 |a TXAS  |c [1422935] 
090 |a HS2330.K6  |b A23 1981 
245 0 0 |a 20th anniversary klonvokation :  |b United Klans of America, Knights of the Ku Klux Klan, Inc. 
264 1 |a Swartz, La. :  |b Fiery Cross,  |c 1981. 
300 |a 16 pages :  |b illustrations, portraits, facsimiles ;  |c 28 cm. 
336 |a text  |b txt  |2 rdacontent 
337 |a unmediated  |b n  |2 rdamedia 
338 |a volume  |b nc  |2 rdacarrier 
500 |a Meeting held at Tuscaloosa, Alabama, September 4-6, 1981. 
500 |a Robert M. Shelton, Imperial Wizard of the Klan. 
500 |a Cover is illustrated by Klan posters. 
610 2 0 |a Ku Klux Klan (1915- ) 
610 2 0 |a United Klans of America. 
730 0 |a Twentieth anniversary klonvokation. 
999 |a MARS 
999 f f |s 49e013a4-8079-3b3c-8f19-a362c1667c73  |i 2297785b-dd78-3ab1-9769-f28409c981d1  |t 0 
952 f f |p noncirc  |a Texas A&M University  |b College Station  |c Cushing Memorial Library & Archives  |d Cushing: American Nativism (Does not check out)  |t 0  |e HS2330.K6 A23 1981  |h Library of Congress classification  |i unmediated -- volume 
998 f f |a HS2330.K6 A23 1981  |t 0  |l Cushing: American Nativism (Does not check out)